<?xml version="1.0" encoding="UTF-8"?>
<collection xmlns="http://www.loc.gov/MARC21/slim">
<record>
  <controlfield tag="001">165951</controlfield>
  <controlfield tag="005">20260116002212.0</controlfield>
  <datafield tag="024" ind1="7" ind2=" ">
    <subfield code="2">doi</subfield>
    <subfield code="a">10.3390/app152413147</subfield>
  </datafield>
  <datafield tag="024" ind1="8" ind2=" ">
    <subfield code="2">sideral</subfield>
    <subfield code="a">147437</subfield>
  </datafield>
  <datafield tag="037" ind1=" " ind2=" ">
    <subfield code="a">ART-2025-147437</subfield>
  </datafield>
  <datafield tag="041" ind1=" " ind2=" ">
    <subfield code="a">eng</subfield>
  </datafield>
  <datafield tag="100" ind1=" " ind2=" ">
    <subfield code="a">Lázaro, Roberto</subfield>
  </datafield>
  <datafield tag="245" ind1=" " ind2=" ">
    <subfield code="a">Wind Reference Year: A New Approach</subfield>
  </datafield>
  <datafield tag="260" ind1=" " ind2=" ">
    <subfield code="c">2025</subfield>
  </datafield>
  <datafield tag="520" ind1="3" ind2=" ">
    <subfield code="a">The representativeness of long-term wind data at a site remains a challenge, as it is essential for resource analysis, production adjustment in operating plants, and the simulation of hybridised plants. A representative one-year hourly time series, known as a Wind Reference Year (WRY), is required, yet the availability of long-term real data is rare, making the estimation of WRY from reanalysis data and shorter measurement campaigns a common approach. In this study, Gaussian Mixture Copula Models (GMCM) and five regression models were applied and compared. The GMCM was trained using 15 years of reanalysis data to generate simulations, and subsequently, regression-based Measure–Correlate–Predict (MCP) methods were applied to adapt the simulated reference year to site-specific conditions. Finally, the Hungarian algorithm was used to reorder the simulated data series, aligning it with a typical wind pattern and producing the WRY dataset. The results were validated against 15 years of real measurements and benchmarked against a heuristic method based on long-term similarity of main wind parameters and the commercial tool Windographer. The findings demonstrate the potential of the proposed method, showing improvements over existing techniques and providing a robust approach to constructing representative WRY datasets.</subfield>
  </datafield>
  <datafield tag="506" ind1="0" ind2=" ">
    <subfield code="a">Access copy available to the general public</subfield>
    <subfield code="f">Unrestricted</subfield>
  </datafield>
  <datafield tag="540" ind1=" " ind2=" ">
    <subfield code="9">info:eu-repo/semantics/openAccess</subfield>
    <subfield code="a">by</subfield>
    <subfield code="u">https://creativecommons.org/licenses/by/4.0/deed.es</subfield>
  </datafield>
  <datafield tag="655" ind1=" " ind2="4">
    <subfield code="a">info:eu-repo/semantics/article</subfield>
    <subfield code="v">info:eu-repo/semantics/publishedVersion</subfield>
  </datafield>
  <datafield tag="700" ind1=" " ind2=" ">
    <subfield code="a">Melero, Julio J.</subfield>
  </datafield>
  <datafield tag="700" ind1=" " ind2=" ">
    <subfield code="a">Arregui, Sergio</subfield>
  </datafield>
  <datafield tag="773" ind1=" " ind2=" ">
    <subfield code="g">15, 24 (2025), 13147 [21 pp.]</subfield>
    <subfield code="p">Appl. sci.</subfield>
    <subfield code="t">Applied Sciences (Switzerland)</subfield>
    <subfield code="x">2076-3417</subfield>
  </datafield>
  <datafield tag="856" ind1="4" ind2=" ">
    <subfield code="s">1029978</subfield>
    <subfield code="u">http://zaguan.unizar.es/record/165951/files/texto_completo.pdf</subfield>
    <subfield code="y">Versión publicada</subfield>
  </datafield>
  <datafield tag="856" ind1="4" ind2=" ">
    <subfield code="s">2422710</subfield>
    <subfield code="u">http://zaguan.unizar.es/record/165951/files/texto_completo.jpg?subformat=icon</subfield>
    <subfield code="x">icon</subfield>
    <subfield code="y">Versión publicada</subfield>
  </datafield>
  <datafield tag="909" ind1="C" ind2="O">
    <subfield code="o">oai:zaguan.unizar.es:165951</subfield>
    <subfield code="p">articulos</subfield>
    <subfield code="p">driver</subfield>
  </datafield>
  <datafield tag="951" ind1=" " ind2=" ">
    <subfield code="a">2026-01-15-21:57:15</subfield>
  </datafield>
  <datafield tag="980" ind1=" " ind2=" ">
    <subfield code="a">ARTICLE</subfield>
  </datafield>
</record>
</collection>